|
|
|
|
| LEADER |
00000cam a2200000 a 4500 |
| 001 |
vtls001465383 |
| 003 |
SK-MaSNL |
| 005 |
20260302073245.0 |
| 008 |
251029s1982 xr o e 000 0 cze |
| 015 |
|
|
|a SNBA1982
|
| 035 |
|
|
|a SNK000420688
|
| 035 |
|
|
|a urn:nbn:sk:snk-am3hcfc
|
| 035 |
|
|
|a 852A98C9-0242-40AD-BE59-AB88B8E81ADD
|
| 035 |
|
|
|a urn:nbn:sk:snk-am00a0pz
|
| 040 |
|
|
|a SNK
|b slo
|c SNK
|e AACR2
|
| 041 |
0 |
|
|a cze
|a ger
|
| 044 |
|
|
|a xr
|c CZ
|
| 080 |
|
|
|a 903.2(497.2)"04/06"(084.12)
|2 1981
|
| 100 |
1 |
|
|a Tejral, Jaroslav
|4 aut
|9 737447
|
| 245 |
1 |
0 |
|a Morava na sklonku antiky
|c Jaroslav Tejral
|
| 250 |
|
|
|a 1. vyd.
|
| 260 |
|
|
|a Praha
|b Academia
|c 1982
|
| 300 |
|
|
|a 253 s., 48 s. fotogr. príl.
|c 4°
|
| 490 |
1 |
|
|a Acta praehistorica et historica Instituti archaeologici Academiae scientiarum Bohemoslovacae
|v tomus 19
|
| 546 |
|
|
|a Súbež. náz. nem.
|
| 648 |
|
7 |
|a 5. (2. pol.) - 6. (zač.) stor.
|2 SNKPH
|9 737448
|
| 650 |
0 |
7 |
|a antika
|2 SNKPH
|9 18862
|
| 650 |
0 |
7 |
|a archeologické nálezy
|2 SNKPH
|9 4975
|
| 651 |
|
7 |
|a Morava (Česko)
|2 SNKPH
|9 213805
|
| 655 |
|
7 |
|a fotografické publikácie
|2 SNKPH
|9 70483
|
| 830 |
|
0 |
|a Acta praehistorica et historica Instituti archaeologici Academiae scientiarum Bohemoslovacae
|9 737449
|
| 852 |
|
|
|a Slovenská národná knižnica
|
| 958 |
|
|
|a OND
|
| 999 |
|
|
|c 1160101
|d 1162031
|
| 952 |
|
|
|t P60, <04>, [BOOK], {604}
|a SNK
|b SNK
|y VYP
|7 0
|p 17A0407760
|o snkSB 33106 D1
|i snkKIP 1846/82
|0 0
|1 0
|4 0
|d 2003-12-16
|l 0
|r 2005-01-02 00:00:00
|w 2026-02-24
|
| 952 |
|
|
|a SNK
|b SNK
|y PREZ
|7 0
|p 17A0992568
|o snkSB 33106
|i snkKIP 1845/82
|0 0
|1 0
|4 0
|d 2012-07-19
|f 1
|l 0
|r 2025-04-08 00:00:00
|w 2026-02-24
|